| 000 | 00554nam a22001817a 4500 | ||
|---|---|---|---|
| 008 | 151013b xxu||||| |||| 00| 0 eng d | ||
| 020 | _a0314871063 | ||
| 041 | 0 | _aeng | |
| 080 | _a658 | ||
| 245 | 0 |
_aAn introduction to Management science: _cDavid R. Anderson; Dennis J. Sweeney; Thomas A. Williams. |
|
| 250 | _a4th ed. | ||
| 260 |
_aUSA: _bWest Publishing Company; _c1985. |
||
| 300 |
_a688 f.: _bme il.; _c25 cm. |
||
| 650 | 0 | _aMenaxhim | |
| 650 | 0 | _aOrganizim | |
| 650 | 0 | _aUdhëheqje | |
| 942 |
_2udc _cBK |
||
| 999 |
_c1267 _d1267 |
||